000 00744nam a2200169Ia 4500
008 090711s9999 xx 000 0 und d
082 _b1087
100 _aसाठवणे स्वातंत्र्य सैनिक
245 _aनिरोगी व दिर्घायुषी कसे व्हावे
260 _c1995
300 _a61
600 _aसाठवणे स्वातंत्र्य सैनिक
630 _aनिरोगी व दिर्घायुषी कसे व्हावे
700 _aसाठवणे स्वातंत्र्य सैनिक
730 _aनिरोगी व दिर्घायुषी कसे व्हावे
942 _cBOOK
999 _c333920
_d333920